Io, omosessuale

Furkejuvvon:
Bibliográfalaš dieđut
Váldodahkki: Merlini Francesco
Materiálatiipa: Girji
Giella:meroštallameahttun
Almmustuhtton: Milano La Salamandra 1977
Fáddágilkorat: Lasit fáddágilkoriid
Eai fáddágilkorat, Lasit vuosttaš fáddágilkora!

MARC

LEADER 00000nam a2200000Ia 4500
001 23
003 NUMERAZIONE-ORIGINALE-BRESCIA
005 20260206230747.0
008 260206s9999 xx 000 0 und d
100 |a Merlini Francesco 
245 0 |a Io, omosessuale 
260 |a Milano 
260 |b La Salamandra 
260 |c 1977 
942 |2 ddc  |c BK  |n 0 
952 |0 0  |1 0  |2 ddc  |4 0  |6 13  |7 0  |9 28200  |a BS  |b BS  |d 2026-02-06  |i 23-2  |l 0  |o 1-3-*  |r 2026-02-06 22:40:30  |w 2026-02-06  |x [REVISIONARE]  |y BK 
952 |0 0  |1 0  |2 ddc  |4 0  |6 13  |7 0  |9 28201  |a BS  |b BS  |d 2026-02-06  |i 23-1  |l 0  |o 1-3-*  |r 2026-02-06 22:40:30  |w 2026-02-06  |x [REVISIONARE]  |y BK 
999 |c 23905  |d 23905